| 000 | 01773nab a2200289 i 4500 | ||
|---|---|---|---|
| 001 | 194833 | ||
| 003 | ES-MaACL | ||
| 005 | 20250704062602.0 | ||
| 008 | 240517e1948 sp ||||| |||| 00| 0 spa d | ||
| 040 |
_bspa _cES-MaACL |
||
| 080 | _a001.32(460.271) | ||
| 100 | 1 |
_979673 _aMediano Flores, Eugenio _eaut |
|
| 245 | 1 | 0 |
_aTradición y presencia del Ateneo madrileño / _cpor Eugenio Mediano Flores |
| 260 |
_aMadrid, _c1948 |
||
| 300 | _aP. 81-87, [1] hoja de lámina | ||
| 336 |
_2rdacontent _atexto |
||
| 337 |
_2rdamedia _asin mediación |
||
| 338 |
_2rdacarrier _avolumen |
||
| 520 | _aSe hace un repaso a la creación y funcionamiento del segundo Ateneo de Madrid, centro cultural e intelectual por excelencia desde su fundación, en 1835, en donde se congregaban los intelectuales; personalidades del mundo de las letras, las artes y las ciencias españolas. El Ateneo se diferenciaba del Colegio de Francia y del The Atheneum inglés, en que sus funciones y objetivos iban más allá de los límites de una academia o club. El carácter abierto del Ateneo permitía participar de las conferencias y cátedras que allí se ofrecían a todos los interesados de manera gratuita. Se mantenía gracias a las cuotas de sus socios y, tras la guerra, el Estado le proporcionó una exigua subvención para atender a las necesidades de su Biblioteca y cátedras | ||
| 530 | _aDisponible en formato digital | ||
| 610 | 2 | 4 |
_aAteneo de Madrid- _vHistoria _91925 |
| 773 |
_tRevista nacional de educación, _xISSN 0210-2269, _g1948, n. 78, p. 81-87 _01970 _92009 _w1970 |
||
| 856 |
_uhttp://hdl.handle.net/11162/77083 _yVersión en línea _z(Redined) |
||
| 942 |
_2udc _cANAB _n0 |
||
| 999 |
_c194833 _d194833 |
||